000 00637nam a2200217Ia 4500
005 20241129104315.0
008 241129s9999||||xx |||||||||||||| ||und||
020 _a9780674279087
037 _aTextual
040 _aRTL
_beng
_cRTL
041 _aeng
_2eng
084 _aX:31 R2
_qRTL
100 _aPiketty Thomas
245 0 _aBrief history of equality. Translated by Steven Rendall
_cPiketty Thomas
260 _aLondon
_bBelknap Press of Harvard University Press
_c2022
300 _aviii,274p.
365 _aINR
_bRs. 699.00
650 _aEquality
_9366217
942 _cTB
_hX:31 R2
999 _c1225315
_d1225315